| 000 | 00611nam a22001937a 4500 | ||
|---|---|---|---|
| 003 | OSt | ||
| 005 | 20260421064551.0 | ||
| 008 | 260421b |||||||| |||| 00| 0 eng d | ||
| 020 | _a971-574-021-9 | ||
| 040 |
_aOC _cDWC-Main Lib |
||
| 082 |
_23rd ed. _aFil. 150 In8 1999 |
||
| 100 | _aBustos, A. | ||
| 245 |
_aIntroduction to Psychology _cBustos, Alicia A. |
||
| 250 | _a3rd edition | ||
| 260 |
_aPhilippines : _cKatha Publishing Co., Inc. |
||
| 300 |
_axi 299 pages ; _c25 cm. |
||
| 504 | _aInclude index. | ||
| 942 |
_2ddc _cBK - FIL _e3rd edition _hFil. 150 In8 1999 _kFil. _n0 |
||
| 999 |
_c9578 _d9578 |
||